| 000 | 01024nas a2200361 4500 | ||
|---|---|---|---|
| 001 | BR0400544 | ||
| 003 | BR-BrBNA | ||
| 005 | 20231205104305.0 | ||
| 007 | ta | ||
| 008 | 230509b bl.|||p| |||| 00| 00por d | ||
| 040 |
_aBR-BrBNA _bpor _cBiblioteca Nacional de Agricultura |
||
| 041 | _a(Pt) | ||
| 072 | _aF01; N20 | ||
| 100 | 1 | _aAlmeida, R.J. de | |
| 100 | 1 | _aMantovani, E.C. | |
| 100 | 1 | _aSantos, J.P. dos | |
| 100 | 1 | _aChandra, P.K. | |
| 245 | 1 | _aAvaliação dos danos mecânicos na colheita de milho de alta qualidade protéica (QPM) | |
| 650 | _aMILHO | ||
| 650 | _aDANO MECÂNICO | ||
| 650 | _aCOLHEITA MECÂNICA | ||
| 650 | _aGERMINAÇÃO | ||
| 650 | _aDEBULHA | ||
| 650 | _aGRÃO | ||
| 650 | _aVELOCIDADE | ||
| 650 | _aQUALIDADE | ||
| 650 | _aSEMENTE | ||
| 650 | _aVALOR NUTRITIVO | ||
| 650 | _aUMIDADE | ||
| 773 | 0 |
_tEngenharia na Agricultura (Brazil) _xISSN 1414-3984 _g(Jul-Sep 2001), v. 9(3) p. 180-190 _wBR0400544 |
|
| 909 |
_a202311 _bLúcia _c55 _dLúcia Elande |
||
| 942 |
_2AGRIS _n0 _cANA |
||
| 999 |
_c177385 _d177385 |
||